Road toward Agriculture and Rural Development Enhancemen (Record no. 25435)

000 -LEADER
fixed length control field 00449nam a22001577a 4500
003 - CONTROL NUMBER IDENTIFIER
control field LRUA
005 - DATE AND TIME OF LATEST TRANSACTION
control field 20251211144516.0
008 - FIXED-LENGTH DATA ELEMENTS--GENERAL INFORMATION
fixed length control field 251211b xxu||||| |||| 00| 0 eng d
040 ## - CATALOGING SOURCE
Transcribing agency RUA
082 ## - DEWEY DECIMAL CLASSIFICATION NUMBER
Edition number RE NB 2015 C-108 Or.1
100 ## - MAIN ENTRY--PERSONAL NAME
9 (RLIN) 19176
Personal name Ngo Bunthan ង៉ោ ប៊ុនថាន
245 ## - TITLE STATEMENT
Title Road toward Agriculture and Rural Development Enhancemen
260 ## - PUBLICATION, DISTRIBUTION, ETC. (IMPRINT)
Place of publication, distribution, etc. PHNOM PENH
Name of publisher, distributor, etc. RUA
Date of publication, distribution, etc. 2025
300 ## - PHYSICAL DESCRIPTION
Extent x248p
Other physical details vii
Dimensions 29cm
942 ## - ADDED ENTRY ELEMENTS (KOHA)
Source of classification or shelving scheme
Koha item type ឯកសារស្រាវជ្រាវ
Holdings
Price effective from Date last seen Permanent Location Not for loan Date acquired Source of classification or shelving scheme Koha item type Barcode Lost status Damaged status Withdrawn status Current Location Full call number
2025-12-112025-12-11Library Block C 2025-12-11 ឯកសារស្រាវជ្រាវC034259   Library Block CRE NB 2015 C-108 Or.1
2025-12-112025-12-11Library Block C 2025-12-11 ឯកសារស្រាវជ្រាវC034260   Library Block CRE NB 2015 C-108 Or.2
2025-12-112025-12-11Library Block C 2025-12-11 ឯកសារស្រាវជ្រាវC034261   Library Block CRE NB 2015 C-108 Or.3
មជ្ឈមណ្ឌលឯការនៃសាកលវិទ្យាល័យភូមិន្ទកសិកម្មចំការដូង

Powered by Koha